| 000 | 00486nam a22001937a 4500 | ||
|---|---|---|---|
| 003 | CEME | ||
| 005 | 20210628210011.0 | ||
| 008 | 210210b xxu||||| |||| 00| 0 eng d | ||
| 020 | _a0-7506-4166-5 | ||
| 040 | _c. | ||
| 082 | _a621.38104 MAR | ||
| 100 |
_aMarston, R. M _966847 |
||
| 245 | _aOptoelectronics circuits manual | ||
| 250 | _a2ND | ||
| 260 |
_aOXFORD _bNEWNES _c1999 |
||
| 300 | _a229P | ||
| 650 |
_aOPTICAL DEVICES FIBRE OPTIC CABLES LASERS _977782 |
||
| 942 |
_cBK _2ddc |
||
| 999 |
_c583000 _d583000 |
||